Cone Penetration Testing 2022 : Proceedings of the 5th International Symposium on Cone Penetration Testing (CPT'22), 8-10 June 2022, Bologna, Italy.

This book provides a full picture of the current knowledge and major trends in CPT research and development, with respect to innovations in instrumentation, latest advances in data interpretation, and emerging fields of CPT applications.

Bibliographic Details
Main Author: Gottardi, Guido.
Other Authors: Tonni, Laura.
Format: eBook
Language:English
Published: Milton : Taylor & Francis Group, 2022.
Edition:1st ed.
Subjects:
Online Access:Click to View
LEADER 01813nam a22003853i 4500
001 EBC7245207
003 MiAaPQ
005 20231204023229.0
006 m o d |
007 cr cnu||||||||
008 231204s2022 xx o ||||0 eng d
020 |a 9781000780574  |q (electronic bk.) 
020 |z 9781032312590 
035 |a (MiAaPQ)EBC7245207 
035 |a (Au-PeEL)EBL7245207 
035 |a (OCoLC)1378933390 
040 |a MiAaPQ  |b eng  |e rda  |e pn  |c MiAaPQ  |d MiAaPQ 
082 0 |a 624.15136 
100 1 |a Gottardi, Guido. 
245 1 0 |a Cone Penetration Testing 2022 :  |b Proceedings of the 5th International Symposium on Cone Penetration Testing (CPT'22), 8-10 June 2022, Bologna, Italy. 
250 |a 1st ed. 
264 1 |a Milton :  |b Taylor & Francis Group,  |c 2022. 
264 4 |c Ã2022. 
300 |a 1 online resource (1205 pages) 
336 |a text  |b txt  |2 rdacontent 
337 |a computer  |b c  |2 rdamedia 
338 |a online resource  |b cr  |2 rdacarrier 
520 |a This book provides a full picture of the current knowledge and major trends in CPT research and development, with respect to innovations in instrumentation, latest advances in data interpretation, and emerging fields of CPT applications. 
588 |a Description based on publisher supplied metadata and other sources. 
590 |a Electronic reproduction. Ann Arbor, Michigan : ProQuest Ebook Central, 2023. Available via World Wide Web. Access may be limited to ProQuest Ebook Central affiliated libraries.  
655 4 |a Electronic books. 
700 1 |a Tonni, Laura. 
776 0 8 |i Print version:  |a Gottardi, Guido  |t Cone Penetration Testing 2022  |d Milton : Taylor & Francis Group,c2022  |z 9781032312590 
797 2 |a ProQuest (Firm) 
856 4 0 |u https://ebookcentral.proquest.com/lib/matrademy/detail.action?docID=7245207  |z Click to View